000 00775cab a2200229 4500
001 X3277
008 090401t1996 xxu||||| |||| 00| 0 eng d
035 _a(Sirsi) u29578
041 _aeng
100 _aChase, T.
245 _aCompensation and compulsory purchase problems
260 _c1996
350 _a0
490 _aCSM (Chartered Surveyor Monthly)
_v5(4) January 1996, 37(1)
520 _aLooks at the recommendations made in an RICS publication: "Compensation for compulsory acquisition".
650 _aBLIGHT NOTICES
650 _aCOMPULSORY ACQUISITION
650 _aPLANNING AND COMPENSATION ACT 1991
690 _aENVIRONMENTAL AND LAND CONSULTANCY-PLANNING AND DEVELOPMENT-COMPULSORY PURCHASE AND COMPENSATION
942 _n0
948 _c04/03/1997
999 _c19906
_d19906